South Eastern Kenya University

Library Online Public Access Catalogue


Adobe Illustrator CS3. (Record no. 12605)

MARC details
000 -LEADER
fixed length control field 00858cam a22003137a 4500
001 - CONTROL NUMBER
control field 14943739
003 - CONTROL NUMBER IDENTIFIER
control field OSt
005 - DATE AND TIME OF LATEST TRANSACTION
control field 20160409135901.0
008 - FIXED-LENGTH DATA ELEMENTS--GENERAL INFORMATION
fixed length control field 070727s2007 caua 001 0 eng d
010 ## - LIBRARY OF CONGRESS CONTROL NUMBER
LC control number 2007278843
015 ## - NATIONAL BIBLIOGRAPHY NUMBER
National bibliography number GBA731351
Source bnb
016 7# - NATIONAL BIBLIOGRAPHIC AGENCY CONTROL NUMBER
Record control number 013731319
Source Uk
020 ## - INTERNATIONAL STANDARD BOOK NUMBER
International Standard Book Number 9780321492005 (pbk.)
020 ## - INTERNATIONAL STANDARD BOOK NUMBER
International Standard Book Number 0321492005 (pbk.)
035 ## - SYSTEM CONTROL NUMBER
System control number (OCoLC)ocn123799020
040 ## - CATALOGING SOURCE
Original cataloging agency SEKU
042 ## - AUTHENTICATION CODE
Authentication code lccopycat
050 00 - LIBRARY OF CONGRESS CALL NUMBER
Classification number T 385
Item number .A3
082 04 - DEWEY DECIMAL CLASSIFICATION NUMBER
Classification number 006.686
Edition number 22
130 ## - MAIN ENTRY--UNIFORM TITLE
Uniform title Adobe Illustrator CS3.
245 00 - TITLE STATEMENT
Title Adobe Illustrator CS3.
260 ## - PUBLICATION, DISTRIBUTION, ETC. (IMPRINT)
Place of publication, distribution, etc. San Jose, Calif. :
Name of publisher, distributor, etc. AdobePress,
Date of publication, distribution, etc. 2007.
300 ## - PHYSICAL DESCRIPTION
Extent xiv, 458 p. :
Other physical details col. ill. ;
Dimensions 23cm. +
Accompanying material 1 CD-ROM (4 3/4 in.)
440 #0 - SERIES STATEMENT/ADDED ENTRY--TITLE
Title Classroom in a book
500 ## - GENERAL NOTE
General note Includes index.
630 00 - SUBJECT ADDED ENTRY--UNIFORM TITLE
Uniform title Adobe Illustrator (Computer file)
650 #0 - SUBJECT ADDED ENTRY--TOPICAL TERM
Topical term or geographic name as entry element Computer graphics.
942 ## - ADDED ENTRY ELEMENTS (KOHA)
Source of classification or shelving scheme Library of Congress Classification
Koha item type General circulation

No items available.

Kitui, Kenya.
+254736116989
library@seku.ac.ke